000 00618nam a2200181Ia 4500
008 090124s9999 xx 000 0 und d
082 _b121487
100 _aकाळे व.पु. (वसंत पुरुषोत्तम)
245 _a वन फॉर द रोड
250 _a2
260 _c1984
300 _a140
600 _aकाळे व.पु. (वसंत पुरुषोत्तम)
630 _a वन फॉर द रोड
700 _aकाळे व.पु. (वसंत पुरुषोत्तम)
730 _a वन फॉर द रोड
942 _cBOOK
999 _c167573
_d167573